000
00209nam a22000857a 4500
008
161028b xxu||||| |||| 00| 0 eng d
100
_9
985
_a
Nadhan
245
_a
Hindi Story
260
_a
Delhi
_b
M.N. Publications
_c
2011
999
_c
3643
_d
3643